[Event "XIV Open"]
[Site "Crema ITA"]
[Date "2012.08.31"]
[Round "1"]
[White "Acunzo, Domenico"]
[Black "Gabetto, Flaviano"]
[Result "0-1"]
[WhiteElo "1743"]
[BlackElo "2108"]
[PlyCount "56"]
[EventDate "2012.08.31"]

1. e4 e6 2. d4 d5 3. Nc3 Nf6 4. Bg5 Bb4 5. e5 h6 6. Bd2 Bxc3 7. bxc3 Ne4 8. Bd3
Nxd2 9. Qxd2 c5 10. f4 c4 11. Be2 Qa5 12. Nf3 Nd7 13. O-O Nb6 14. a4 Nxa4 15.
Ra3 b5 16. Nh4 Qd8 17. g3 Qe7 18. Raa1 g6 19. Ng2 h5 20. g4 hxg4 21. Bxg4 Bd7
22. Bf3 Rb8 23. Ne3 Qh4 24. Bxd5 exd5 25. Nxd5 Qg4+ 26. Kf2 Rxh2+ 27. Ke1 Qg3+
28. Rf2 Qg1+ 0-1

[Event "XIV Open"]
[Site "Crema ITA"]
[Date "2012.08.31"]
[Round "1"]
[White "Adami, Antonio"]
[Black "Bonade', Massimo"]
[Result "1/2-1/2"]
[WhiteElo "1708"]
[BlackElo "2081"]
[PlyCount "95"]
[EventDate "2012.08.31"]

1. e4 c5 2. Nc3 d6 3. d3 Nc6 4. g3 g6 5. Bg2 Bg7 6. Be3 e6 7. Qd2 Nge7 8. Bh6
O-O 9. h4 Bxh6 10. Qxh6 f6 11. Nge2 Nd4 12. Qd2 Nec6 13. O-O-O b5 14. Nxd4 Nxd4
15. Ne2 Bb7 16. f4 Rc8 17. h5 g5 18. fxg5 fxg5 19. Rdf1 Nxe2+ 20. Qxe2 Qe7 21.
Rxf8+ Rxf8 22. Rf1 Qg7 23. Rxf8+ Kxf8 24. Bh3 Ke7 25. c3 Qe5 26. Qe3 h6 27. Bg2
Qg7 28. d4 cxd4 29. Qxd4 Qxd4 30. cxd4 g4 31. Kd2 e5 32. Ke3 Kf6 33. Bf1 Bc6
34. Be2 Kg5 35. Bd1 Kxh5 36. Bb3 Kg5 37. d5 Bd7 38. Bc2 h5 39. b4 h4 40. Kf2 h3
41. a3 Kf6 42. Bb1 Ke7 43. Bc2 Kd8 44. Bb1 Kc7 45. Bc2 Kb6 46. Bb1 a5 47. Bc2
Bc8 48. Bb1 1/2-1/2

[Event "XIV Open"]
[Site "Crema ITA"]
[Date "2012.08.31"]
[Round "1"]
[White "Brociner, Beniamino"]
[Black "Frugoni, Giulio"]
[Result "1-0"]
[WhiteElo "1981"]
[BlackElo "1638"]
[PlyCount "67"]
[EventDate "2012.08.31"]

1. Nf3 d5 2. d4 Nf6 3. c4 c6 4. Nbd2 Bf5 5. Nh4 Bg6 6. Qb3 Qc7 7. g3 Nbd7 8.
Bg2 e6 9. O-O Be7 10. Nxg6 hxg6 11. e4 dxe4 12. Nxe4 Nxe4 13. Bxe4 Nf6 14. Bf4
Bd6 15. Bxd6 Qxd6 16. Qxb7 O-O 17. Qxc6 Qxd4 18. Qxa8 Rxa8 19. Bxa8 Qxb2 20. c5
Ng4 21. Rab1 Qe5 22. Bf3 Nf6 23. c6 Ne8 24. Rfd1 Kh7 25. Rb7 f5 26. Rd8 Nd6 27.
Rbb8 g5 28. c7 Qe1+ 29. Kg2 Ne4 30. Rb2 Qc3 31. c8=Q Qxb2 32. Bxe4 fxe4 33.
Qxe6 Qe2 34. Qf5+ 1-0

[Event "XIV Open"]
[Site "Crema ITA"]
[Date "2012.08.31"]
[Round "1"]
[White "Colombo, Abner"]
[Black "Popovich, Fabio"]
[Result "0-1"]
[WhiteElo "1188"]
[BlackElo "1832"]
[PlyCount "114"]
[EventDate "2012.08.31"]

1. c4 e5 2. Nc3 Nc6 3. g3 f5 4. Bg2 Nf6 5. d3 Bc5 6. e3 O-O 7. Nge2 d6 8. O-O
Qe8 9. f4 Ng4 10. d4 exd4 11. exd4 Ne3 12. Bxe3 Qxe3+ 13. Kh1 Nxd4 14. Nxd4
Qxd4 15. Qxd4 Bxd4 16. Rac1 Bxc3 17. Rxc3 Re8 18. c5 dxc5 19. Rxc5 c6 20. Bf3
Be6 21. a3 Rad8 22. Re1 Rd3 23. Rf1 Rb3 24. Rf2 Rd8 25. Re5 Kf7 26. Rfe2 Rxf3
27. Rxe6 Rd7 28. Kg2 Rfd3 29. Kh3 Rd2 30. R6e5 Rxe2 31. Rxe2 c5 32. Re5 Rc7 33.
Rxf5+ Ke6 34. Re5+ Kf6 35. Kh4 b5 36. g4 h6 37. Kh5 a5 38. h4 b4 39. a4 c4 40.
Rxa5 c3 41. bxc3 bxc3 42. Rf5+ Ke6 43. Kg6 c2 44. Re5+ Kd7 45. Re1 c1=Q 46.
Rxc1 Rxc1 47. Kxg7 Rc4 48. Kxh6 Rxf4 49. Kg5 Rxa4 50. h5 Ke7 51. h6 Kf7 52. Kh5
Kg8 53. g5 Ra5 54. Kg6 Ra6+ 55. Kh5 Kh7 56. Kg4 Kg6 57. Kh4 Ra4+ 0-1

[Event "XIV Open"]
[Site "Crema ITA"]
[Date "2012.08.31"]
[Round "1"]
[White "Cappa, Enrico"]
[Black "Castrogiovanni, Carlo"]
[Result "0-1"]
[WhiteElo "1641"]
[BlackElo "1984"]
[PlyCount "56"]
[EventDate "2012.08.31"]

1. e4 c5 2. c3 d5 3. exd5 Qxd5 4. d4 Nf6 5. Nf3 e6 6. Be2 cxd4 7. cxd4 a6 8.
O-O Be7 9. Nc3 Qd6 10. Re1 O-O 11. Bf1 Nc6 12. a3 b5 13. b4 Rd8 14. Be3 Bb7 15.
Bxb5 axb5 16. Nxb5 Qd7 17. Qb3 Nxb4 18. axb4 Qxb5 19. Bd2 Bxf3 20. Qxf3 Qd5 21.
Rxa8 Rxa8 22. b5 Qxf3 23. gxf3 Nd5 24. Rb1 Rb8 25. Kf1 Bf6 26. Be3 Nc3 27. Rc1
Nxb5 28. Rb1 Rb7 0-1

[Event "XIV Open"]
[Site "Crema ITA"]
[Date "2012.08.31"]
[Round "1"]
[White "Carbone, Lorenzo"]
[Black "Bonazzi, Edoardo"]
[Result "0-1"]
[WhiteElo "1728"]
[BlackElo "2101"]
[PlyCount "86"]
[EventDate "2012.08.31"]

1. e4 c5 2. Nf3 e6 3. d4 cxd4 4. Nxd4 Nc6 5. Be2 a6 6. O-O Qc7 7. a3 Nf6 8. Nc3
b5 9. Be3 Bb7 10. Nb3 Ne5 11. Nd2 Bc5 12. Bxc5 Qxc5 13. Kh1 h5 14. f3 Rc8 15.
Nb3 Qb6 16. Qd4 Qxd4 17. Nxd4 Nc4 18. Bxc4 Rxc4 19. Rad1 d6 20. Rf2 Ke7 21.
Rfd2 b4 22. axb4 Rxb4 23. Nb3 d5 24. exd5 Nxd5 25. h3 Rc8 26. Nxd5+ Bxd5 27.
Ra1 Bxb3 28. cxb3 Rc6 29. Rd3 h4 30. Ra4 Rcb6 31. Ra3 g5 32. Kh2 e5 33. g3
hxg3+ 34. Kxg3 Ke6 35. Ra4 Rxa4 36. bxa4 Rxb2 37. Ra3 a5 38. h4 gxh4+ 39. Kxh4
Rb4+ 40. Kg3 f5 41. Ra2 Kd5 42. Ra3 Kc4 43. Kf2 Rb2+ 0-1

[Event "XIV Open"]
[Site "Crema ITA"]
[Date "2012.08.31"]
[Round "1"]
[White "Casartelli, Fabio"]
[Black "Colonetti, Fabio"]
[Result "1-0"]
[WhiteElo "1860"]
[BlackElo "1443"]
[PlyCount "65"]
[EventDate "2012.08.31"]

1. e4 c5 2. Nf3 d6 3. d4 cxd4 4. Nxd4 Nf6 5. Nc3 g6 6. Be2 Bg7 7. O-O O-O 8.
Be3 a6 9. Qd2 b5 10. a3 Bb7 11. f3 Nfd7 12. Rad1 Nb6 13. Bh6 N8d7 14. Bxg7 Kxg7
15. Kh1 Ne5 16. b3 Qc7 17. f4 Ned7 18. Bg4 Nf6 19. Bf3 Rac8 20. e5 Bxf3 21.
exf6+ exf6 22. Rxf3 Qc5 23. Nce2 Qxa3 24. f5 d5 25. fxg6 hxg6 26. Rdf1 Qd6 27.
Ng3 Rh8 28. Ngf5+ gxf5 29. Nxf5+ Kg6 30. Nxd6 Rcd8 31. Rg3+ Kh7 32. Rxf6 Rhg8
33. Qh6# 1-0

[Event "XIV Open"]
[Site "Crema ITA"]
[Date "2012.08.31"]
[Round "1"]
[White "Colombo, Luca"]
[Black "Redamante, Marzio"]
[Result "1-0"]
[WhiteElo "1898"]
[BlackElo "1495"]
[PlyCount "85"]
[EventDate "2012.08.31"]

1. e4 c5 2. Nc3 d6 3. g3 g6 4. Bg2 Bg7 5. d3 Nc6 6. Be3 Bd7 7. Qd2 Nf6 8. h3
Qb6 9. Rb1 Qc7 10. Nge2 a6 11. O-O Ne5 12. f4 Nc6 13. g4 O-O 14. Ng3 Rfc8 15.
g5 Ne8 16. f5 b6 17. Qf2 gxf5 18. Nxf5 Bxf5 19. exf5 e6 20. f6 Bh8 21. Bf4 Qd8
22. Qh4 d5 23. Rbe1 Nd6 24. Bxd6 Qxd6 25. Qg4 Ne5 26. Qf4 Rd8 27. Qxe5 Qxe5 28.
Rxe5 Rac8 29. h4 c4 30. Rd1 b5 31. d4 b4 32. Na4 c3 33. b3 a5 34. Rde1 Kf8 35.
Nc5 Rc6 36. Bh3 h6 37. Bxe6 Rxe6 38. Rxe6 fxe6 39. Nxe6+ Ke8 40. Nxd8+ Kxd8 41.
f7 Bxd4+ 42. Kg2 Bg7 43. Re8+ 1-0

[Event "XIV Open"]
[Site "Crema ITA"]
[Date "2012.08.31"]
[Round "1"]
[White "Conta, Diego"]
[Black "Barucco, Mattia"]
[Result "0-1"]
[WhiteElo "1656"]
[BlackElo "2000"]
[PlyCount "66"]
[EventDate "2012.08.31"]

1. e4 c6 2. d4 d5 3. exd5 cxd5 4. Nf3 Bg4 5. Be2 Nf6 6. h3 Bxf3 7. Bxf3 Nc6 8.
Bf4 Qb6 9. Nc3 e6 10. Na4 Qxd4 11. Qxd4 Nxd4 12. Bd1 Rc8 13. c3 Nc6 14. Be2 Be7
15. O-O O-O 16. Be3 h6 17. Nc5 b6 18. Nb3 Ne5 19. Nd2 Bc5 20. Bf4 Ng6 21. Bg3
e5 22. Ba6 Rcd8 23. Rfe1 Bd6 24. Rad1 Nh5 25. Bh2 Nhf4 26. Nf3 Bb8 27. Bf1 Rfe8
28. g3 Ne6 29. Bb5 Re7 30. Bc6 e4 31. Nd4 Ne5 32. Kg2 Nxd4 33. cxd4 Nxc6 0-1

[Event "XIV Open"]
[Site "Crema ITA"]
[Date "2012.08.31"]
[Round "1"]
[White "Corso, Gabriele"]
[Black "Giretti Kanev, Jasen"]
[Result "0-1"]
[WhiteElo "1764"]
[BlackElo "2189"]
[PlyCount "80"]
[EventDate "2012.08.31"]

1. e4 e6 2. d4 d5 3. e5 c5 4. c3 Nc6 5. Nf3 a6 6. Be2 Nge7 7. Na3 cxd4 8. cxd4
Nf5 9. Nc2 Be7 10. O-O g5 11. h3 Bd7 12. Ne3 h5 13. a3 g4 14. hxg4 Nxe3 15.
Bxe3 hxg4 16. Nh2 Qb6 17. Rb1 g3 18. fxg3 Nxe5 19. Bh5 Rh7 20. Ng4 Nc4 21. Qf3
O-O-O 22. Nh6 Nxe3 23. Qxe3 Rxh6 24. Qxh6 Qxd4+ 25. Rf2 Bc5 26. Qf4 Qxf2+ 27.
Qxf2 Bxf2+ 28. Kxf2 Kc7 29. Ke3 f6 30. Bf3 Kd6 31. Rh1 Rg8 32. g4 e5 33. Rh6
Ke6 34. Rh7 Bc6 35. b4 Rd8 36. Rh6 e4 37. Bd1 d4+ 38. Ke2 Rg8 39. Kd2 Ke5 40.
a4 e3+ 0-1

[Event "XIV Open"]
[Site "Crema ITA"]
[Date "2012.08.31"]
[Round "1"]
[White "D'Amato, Piergiorgio"]
[Black "Fiammetti, Gianluca"]
[Result "1-0"]
[WhiteElo "1885"]
[BlackElo "1464"]
[PlyCount "119"]
[EventDate "2012.08.31"]

1. e4 d5 2. Nc3 dxe4 3. Nxe4 Bf5 4. Ng3 Bg6 5. Nf3 h6 6. Bc4 e6 7. O-O Bd6 8.
d4 c6 9. c3 Nf6 10. Qe2 O-O 11. Ne5 Bxe5 12. Qxe5 Nbd7 13. Qe2 Nd5 14. Bd3 Bxd3
15. Qxd3 Ne7 16. Be3 Nf6 17. Rad1 Ng6 18. Bc1 Nd5 19. Rfe1 Qd6 20. Ne4 Qe7 21.
Nc5 Qf6 22. Nd7 Qe7 23. Nxf8 Rxf8 24. Qg3 Qh4 25. Qxh4 Nxh4 26. c4 Nb6 27. b3
Rd8 28. Be3 Nc8 29. Kf1 a6 30. Ke2 g5 31. g3 Nf5 32. g4 Nfd6 33. f3 b5 34. cxb5
Nxb5 35. Rd3 Ne7 36. Rc1 Nd5 37. Bd2 Rc8 38. Kf2 Kg7 39. Kg3 Kg6 40. a4 Nd6 41.
h4 f6 42. hxg5 fxg5 43. Re1 Kf7 44. f4 gxf4+ 45. Bxf4 Nb4 46. Rf3 Ne8 47. Bd6+
Kg6 48. Bxb4 Ng7 49. Bd6 Rd8 50. Be5 a5 51. Bxg7 Kxg7 52. Rxe6 h5 53. gxh5 c5
54. dxc5 Kh7 55. Rc3 Rg8+ 56. Kf4 Rf8+ 57. Ke5 Rg8 58. c6 Rg5+ 59. Kd6 Kg8 60.
c7 1-0

[Event "XIV Open"]
[Site "Crema ITA"]
[Date "2012.08.31"]
[Round "1"]
[White "De Palma, Fabrizio"]
[Black "Cervini, Ernesto"]
[Result "1-0"]
[WhiteElo "2108"]
[BlackElo "1733"]
[PlyCount "37"]
[EventDate "2012.08.31"]

1. e4 c5 2. Nf3 d6 3. d4 cxd4 4. Nxd4 Nc6 5. Nc3 a6 6. Be2 g6 7. O-O Bg7 8. Be3
Nf6 9. Nb3 O-O 10. f4 Qc7 11. a4 b6 12. Bf3 Bb7 13. Qd2 Rad8 14. Qf2 Nd7 15.
Nd5 Qb8 16. c3 Nc5 17. Nd4 e6 18. Nxc6 Bxc6 19. Ne7+ 1-0

[Event "XIV Open"]
[Site "Crema ITA"]
[Date "2012.08.31"]
[Round "1"]
[White "Distratis, Gianluca"]
[Black "Tedoldi, Guido"]
[Result "1-0"]
[WhiteElo "1962"]
[BlackElo "1600"]
[PlyCount "73"]
[EventDate "2012.08.31"]

1. e4 c5 2. c3 e5 3. Nf3 Nc6 4. Bc4 d6 5. O-O Nf6 6. Ng5 Bg4 7. Qb3 Qd7 8. Bb5
h6 9. f3 hxg5 10. fxg4 a6 11. Be2 b5 12. d3 b4 13. Bxg5 bxc3 14. bxc3 Rb8 15.
Qd1 Be7 16. Nd2 d5 17. Bxf6 Bxf6 18. exd5 Ne7 19. d6 Nd5 20. Ne4 Ne3 21. Nxc5
Qxd6 22. Qa4+ Rb5 23. Ne4 Qb6 24. Rf2 O-O 25. d4 Rb1+ 26. Rxb1 Qxb1+ 27. Bf1
Qxe4 28. h3 Rb8 29. Bxa6 Rb1+ 30. Kh2 Bh4 31. Qe8+ Kh7 32. Rf3 Rb2 33. Qxf7
Rxg2+ 34. Kh1 Qb1+ 35. Bf1 Qb2 36. Bd3+ Kh6 37. Qh5# 1-0

[Event "XIV Open"]
[Site "Crema ITA"]
[Date "2012.08.31"]
[Round "1"]
[White "Folcini, Gaddo"]
[Black "Ranfagni, Stefano"]
[Result "0-1"]
[WhiteElo "1606"]
[BlackElo "1980"]
[PlyCount "60"]
[EventDate "2012.08.31"]

1. d4 e6 2. e4 d5 3. Nf3 dxe4 4. Ne5 Nf6 5. Bg5 Be7 6. Nc3 Nbd7 7. Qe2 c5 8.
dxc5 Nxe5 9. Rd1 Qc7 10. Bxf6 Bxf6 11. Nxe4 Bd7 12. Nd6+ Kf8 13. f4 Nc6 14. c3
Ne7 15. Qf3 Bc6 16. Qh5 g6 17. Qh3 Nd5 18. Bc4 Kg7 19. O-O b6 20. f5 bxc5 21.
Ne4 Nf4 22. Qg4 exf5 23. Qxf4 Qxf4 24. Rxf4 Bxe4 25. Rd7 Rhf8 26. g4 g5 27.
Rxe4 fxe4 28. Rc7 Rad8 29. Rxa7 Rd2 30. b4 cxb4 0-1

[Event "XIV Open"]
[Site "Crema ITA"]
[Date "2012.08.31"]
[Round "1"]
[White "Fongarolli, Diego"]
[Black "Swannie, Bryan"]
[Result "1-0"]
[WhiteElo "2068"]
[BlackElo "1702"]
[PlyCount "39"]
[EventDate "2012.08.31"]

1. e4 d6 2. d4 Nf6 3. Nc3 e5 4. dxe5 dxe5 5. Qxd8+ Kxd8 6. Bg5 c6 7. Nf3 Nbd7
8. Bc4 Ke8 9. a3 Bc5 10. O-O Bb6 11. Rad1 Bc7 12. h3 h6 13. Be3 Nf8 14. Rd2 Ne6
15. Rfd1 Ke7 16. b4 b5 17. Bb3 Ne8 18. Ne2 f6 19. Nh4 Nf8 20. Bc5+ 1-0

[Event "XIV Open"]
[Site "Crema ITA"]
[Date "2012.08.31"]
[Round "1"]
[White "Frignani, Alessandro"]
[Black "De Paoli, Emilio"]
[Result "0-1"]
[WhiteElo "1377"]
[BlackElo "1851"]
[PlyCount "58"]
[EventDate "2012.08.31"]

1. e4 e6 2. d4 d5 3. e5 c5 4. c3 Nc6 5. Nf3 Bd7 6. Qb3 Qc7 7. Be2 Nge7 8. Bf4
f6 9. Na3 fxe5 10. Bg3 Nf5 11. Nb5 Qa5 12. Nxe5 Nxg3 13. hxg3 Nxe5 14. dxe5 c4
15. Nd6+ Bxd6 16. Qxb7 Rb8 17. Qxd7+ Kxd7 18. exd6 Rxb2 19. Rc1 Kxd6 20. Bf3
Rhb8 21. O-O Rxa2 22. Rfe1 Rb3 23. Re3 Ra1 24. Rce1 Rxe1+ 25. Rxe1 Qxc3 26. Re2
Qc1+ 27. Kh2 Qh6+ 28. Kg1 Rb1+ 29. Re1 Rxe1# 0-1

[Event "XIV Open"]
[Site "Crema ITA"]
[Date "2012.08.31"]
[Round "1"]
[White "Galli, Fabrizio"]
[Black "Mondal, Prince"]
[Result "0-1"]
[WhiteElo "1463"]
[BlackElo "1864"]
[PlyCount "94"]
[EventDate "2012.08.31"]

1. d4 Nf6 2. Nf3 c5 3. c3 g6 4. Nbd2 d5 5. e3 Bg7 6. Bd3 O-O 7. O-O Nbd7 8. e4
dxe4 9. Nxe4 b6 10. dxc5 Nxc5 11. Nxc5 bxc5 12. Be3 Qc7 13. h3 Bb7 14. c4 Rad8
15. Nh2 Be4 16. Qc1 Rxd3 17. Rd1 Rxd1+ 18. Qxd1 Rd8 19. Qe1 Bb7 20. b3 Qc6 21.
f3 Nd7 22. Rd1 Qc7 23. Bf2 e6 24. Nf1 Ne5 25. Rxd8+ Qxd8 26. Bxc5 Nd3 27. Qd2
Bd4+ 28. Bxd4 Qxd4+ 29. Kh2 Qf4+ 30. Kg1 Qxd2 31. Nxd2 Kf8 32. Kf1 Ke7 33. Ke2
Nc1+ 34. Ke3 Nxa2 35. h4 h5 36. g3 Nb4 37. g4 e5 38. Ke2 Ke6 39. Ke3 f6 40. Kf2
a5 41. Ke3 Kd6 42. Kf2 Nc2 43. Ke2 Nd4+ 44. Kf2 Kc5 45. Ke3 Kb4 46. gxh5 gxh5
47. Kf2 Nxb3 0-1

[Event "XIV Open"]
[Site "Crema ITA"]
[Date "2012.08.31"]
[Round "1"]
[White "Gagliardi, Christian"]
[Black "Oteri, Aldo"]
[Result "1-0"]
[WhiteElo "2217"]
[BlackElo "1799"]
[PlyCount "27"]
[EventDate "2012.08.31"]

1. d4 Nf6 2. Nf3 g6 3. Bf4 Bg7 4. e3 d6 5. h3 O-O 6. Be2 Nbd7 7. c4 c5 8. Nc3
Ne8 9. O-O e5 10. dxe5 dxe5 11. Nxe5 Bxe5 12. Bxe5 Qe7 13. Bg3 Nef6 14. Bd6 1-0

[Event "XIV Open"]
[Site "Crema ITA"]
[Date "2012.08.31"]
[Round "1"]
[White "Gonella, Daniele"]
[Black "Borboni, Paolo"]
[Result "1-0"]
[WhiteElo "2157"]
[BlackElo "1750"]
[PlyCount "69"]
[EventDate "2012.08.31"]

1. e4 e5 2. Nf3 Nc6 3. Bb5 a6 4. Ba4 Nf6 5. O-O Be7 6. Re1 b5 7. Bb3 d6 8. c3
O-O 9. d3 Na5 10. Bc2 c5 11. d4 Nd7 12. Nbd2 exd4 13. cxd4 Nc6 14. Nf1 Bf6 15.
Be3 Bb7 16. Ng3 g6 17. Qd2 Re8 18. Rad1 Re7 19. e5 dxe5 20. dxc5 Qc7 21. Ne4
Bg7 22. Bg5 f6 23. Be3 Na5 24. Qd6 Nf8 25. Nxf6+ Kh8 26. Qxc7 Rxc7 27. Nd5 Bxd5
28. Rxd5 Nc4 29. Bc1 Rd7 30. Rxd7 Nxd7 31. b3 Na5 32. Rd1 Ra7 33. Be4 Nf6 34.
Rd8+ Ng8 35. Bd5 1-0

[Event "XIV Open"]
[Site "Crema ITA"]
[Date "2012.08.31"]
[Round "1"]
[White "Khaetsky, Roman"]
[Black "Carrai, Giacomo"]
[Result "1-0"]
[WhiteElo "2399"]
[BlackElo "1827"]
[PlyCount "59"]
[EventDate "2012.08.31"]

1. e4 c5 2. Nc3 a6 3. Nf3 d6 4. d4 cxd4 5. Nxd4 e6 6. g4 Be7 7. Be3 Nc6 8. Nxc6
bxc6 9. g5 Rb8 10. Bc4 d5 11. Bb3 Bxg5 12. Qg4 Bxe3 13. fxe3 Qf6 14. O-O-O Ne7
15. Rhf1 Qh6 16. Qg3 Rb7 17. Kb1 O-O 18. Rg1 Ng6 19. exd5 cxd5 20. Rd4 f5 21.
h4 f4 22. exf4 Rxf4 23. Rxf4 Qxf4 24. Qe1 Qxh4 25. Qe2 Qd4 26. Rd1 Qa7 27. Nxd5
Rxb3 28. axb3 exd5 29. Qe8+ Nf8 30. Rf1 1-0

[Event "XIV Open"]
[Site "Crema ITA"]
[Date "2012.08.31"]
[Round "1"]
[White "Manzotti, Francesco"]
[Black "Guidi, Maurizio"]
[Result "0-1"]
[WhiteElo "1700"]
[BlackElo "2058"]
[PlyCount "46"]
[EventDate "2012.08.31"]

1. e4 c5 2. Nf3 Nc6 3. d4 cxd4 4. Nxd4 g6 5. Be3 Bg7 6. Be2 Nf6 7. Nxc6 bxc6 8.
Nc3 O-O 9. O-O d5 10. exd5 cxd5 11. Qd2 e5 12. Bg5 Be6 13. Rad1 d4 14. Bxf6
Bxf6 15. Ne4 Bg7 16. Ng5 Bd5 17. Nf3 Qb6 18. c3 Bxa2 19. cxd4 Bb3 20. Ra1 exd4
21. Ra6 Qb7 22. Rfa1 Rfd8 23. Bd3 Bd5 0-1

[Event "XIV Open"]
[Site "Crema ITA"]
[Date "2012.08.31"]
[Round "1"]
[White "Mansueti, Marco"]
[Black "Poletti, Guido"]
[Result "1-0"]
[WhiteElo "1839"]
[BlackElo "1371"]
[PlyCount "69"]
[EventDate "2012.08.31"]

1. e4 d5 2. exd5 Nf6 3. d4 e6 4. dxe6 Bxe6 5. Nf3 c6 6. Be2 Na6 7. O-O Be7 8.
Bxa6 bxa6 9. Qe2 Qc8 10. Nc3 O-O 11. Ng5 Bd6 12. Nxe6 Qxe6 13. Qxe6 fxe6 14. h3
e5 15. Be3 Rfd8 16. Rfd1 Kf7 17. dxe5 Bxe5 18. Rxd8 Rxd8 19. Rd1 Rxd1+ 20. Nxd1
Bb8 21. Kf1 a5 22. Ke2 Nd5 23. c4 Nb6 24. Kd3 Ke6 25. Nc3 Nd7 26. b3 a6 27. Ne4
Ne5+ 28. Kc3 Nd7 29. Ng5+ Kf5 30. Nxh7 Bd6 31. Ng5 Nc5 32. g4+ Kf6 33. f4 a4
34. Bxc5 Bxc5 35. Ne4+ 1-0

[Event "XIV Open"]
[Site "Crema ITA"]
[Date "2012.08.31"]
[Round "1"]
[White "Maraschi, Alberto"]
[Black "Mantovani, Enrico"]
[Result "0-1"]
[WhiteElo "1337"]
[BlackElo "1839"]
[PlyCount "34"]
[EventDate "2012.08.31"]

1. e4 c6 2. d4 d5 3. Nc3 dxe4 4. Nxe4 Nf6 5. Nxf6+ gxf6 6. Bd3 Qxd4 7. Nf3 Qb6
8. O-O Bg4 9. b3 Nd7 10. Bb2 O-O-O 11. Qe1 Bxf3 12. gxf3 e6 13. Bc3 Bd6 14. Ba5
Rdg8+ 15. Kh1 Qd4 16. Rg1 Qf4 17. Be2 Qxh2# 0-1

[Event "XIV Open"]
[Site "Crema ITA"]
[Date "2012.08.31"]
[Round "1"]
[White "Peschechera, Francesco"]
[Black "Gonella, Graziano"]
[Result "1-0"]
[WhiteElo "1837"]
[BlackElo "1211"]
[PlyCount "34"]
[EventDate "2012.08.31"]

1. d4 Nf6 2. c4 g6 3. Nc3 Bg7 4. e4 O-O 5. e5 Ne8 6. f4 c6 7. Nf3 f5 8. Be3 d6
9. Bd3 d5 10. Qb3 e6 11. cxd5 exd5 12. O-O-O Be6 13. Qxb7 Qc7 14. Qxa8 Qb6 15.
Na4 Nc7 16. Nxb6 Nxa8 17. Nxa8 Nd7 1-0

[Event "XIV Open"]
[Site "Crema ITA"]
[Date "2012.08.31"]
[Round "1"]
[White "Pinna, Ferdinando"]
[Black "Marchesotti, Giovanni"]
[Result "1-0"]
[WhiteElo "1929"]
[BlackElo "1525"]
[PlyCount "53"]
[EventDate "2012.08.31"]

1. e4 c6 2. d4 d5 3. exd5 cxd5 4. c4 Nf6 5. Nc3 e6 6. Bg5 Be7 7. Nf3 h6 8. Bf4
Nc6 9. c5 a6 10. Ne5 Bd7 11. Nxc6 Bxc6 12. Bd3 Qd7 13. Qe2 O-O 14. O-O Nh7 15.
Rfb1 Bf6 16. Be5 Bxe5 17. Qxe5 Nf6 18. b4 Ne8 19. Re1 Nc7 20. a4 f6 21. Qg3 Qf7
22. Bg6 Qe7 23. Bd3 Qf7 24. b5 axb5 25. axb5 Rxa1 26. Rxa1 Be8 27. b6 1-0

[Event "XIV Open"]
[Site "Crema ITA"]
[Date "2012.08.31"]
[Round "1"]
[White "Regorda, Vittorio"]
[Black "Sanchez, Joseph"]
[Result "0-1"]
[WhiteElo "1828"]
[BlackElo "2518"]
[PlyCount "50"]
[EventDate "2012.08.31"]

1. d4 d5 2. c4 c6 3. Nf3 Nf6 4. g3 Bg4 5. Bg2 e6 6. Nbd2 Nbd7 7. O-O a5 8. Re1
Be7 9. Qc2 O-O 10. e4 a4 11. e5 Ne8 12. Nf1 dxc4 13. Qxc4 Nc7 14. Ne3 Bh5 15.
Bd2 Nb5 16. Bc3 Nb6 17. Qe2 a3 18. g4 Bg6 19. Rad1 axb2 20. Bxb2 Bb4 21. Rf1
Rxa2 22. Ra1 Nc3 23. Qe1 Ncd5 24. Qc1 Nf4 25. Re1 Nd3 0-1

[Event "XIV Open"]
[Site "Crema ITA"]
[Date "2012.08.31"]
[Round "1"]
[White "Sala, Giovanni"]
[Black "Raimondi, Celso"]
[Result "1-0"]
[WhiteElo "2022"]
[BlackElo "1657"]
[PlyCount "53"]
[EventDate "2012.08.31"]

1. c4 e5 2. g3 f5 3. Bg2 c6 4. Nc3 Nf6 5. e4 g6 6. d4 d6 7. dxe5 dxe5 8. Qxd8+
Kxd8 9. Bg5 Be7 10. O-O-O+ Kc7 11. h3 h6 12. Be3 Be6 13. Nf3 Nbd7 14. Nh4 Rag8
15. f4 Nh5 16. g4 Nxf4 17. exf5 Nxg2 18. fxe6 Bxh4 19. Rxd7+ Kb8 20. Bc5 Bg5+
21. Kb1 Bf4 22. Ne2 g5 23. Bd6+ Ka8 24. Nxf4 Nxf4 25. Bxe5 Ng6 26. Bxh8 Rxh8
27. e7 1-0

[Event "XIV Open"]
[Site "Crema ITA"]
[Date "2012.08.31"]
[Round "1"]
[White "Scotti, Luigi"]
[Black "Coppola, Federico"]
[Result "0-1"]
[WhiteElo "1491"]
[BlackElo "1893"]
[PlyCount "80"]
[EventDate "2012.08.31"]

1. e4 c5 2. Nf3 d6 3. g3 Nc6 4. Bg2 g6 5. d3 Bg7 6. O-O Nf6 7. Nbd2 O-O 8. Re1
Rb8 9. Nf1 b5 10. a3 a5 11. Rb1 b4 12. Bd2 Ba6 13. Ne3 b3 14. Bc3 bxc2 15. Qxc2
e5 16. Rbd1 Qd7 17. Qd2 a4 18. h3 Rfc8 19. Nc4 Nd4 20. Bxd4 cxd4 21. Rc1 Bxc4
22. dxc4 Qb7 23. Qd3 Qxb2 24. Bf1 Rb3 25. Qd2 Qxa3 26. Ra1 Qc5 27. Rxa4 Rxf3
28. Rea1 Rb3 29. Ra8 Rbb8 30. R1a5 Qc7 31. R5a7 Rb7 32. Rxc8+ Qxc8 33. Qa2 Rxa7
34. Qxa7 Nd7 35. Be2 Nc5 36. Bg4 f5 37. exf5 gxf5 38. Bh5 Qb7 39. Qa5 Bf6 40.
Kf1 e4 0-1

[Event "XIV Open"]
[Site "Crema ITA"]
[Date "2012.08.31"]
[Round "1"]
[White "Sgnaolin, Davide"]
[Black "Gemelli, Giovanni"]
[Result "1-0"]
[WhiteElo "2234"]
[BlackElo "1807"]
[PlyCount "53"]
[EventDate "2012.08.31"]

1. e4 c5 2. c3 Nf6 3. e5 Nd5 4. Nf3 Nc6 5. Bc4 Nb6 6. Bb3 d6 7. exd6 Qxd6 8. d4
cxd4 9. cxd4 g6 10. Ng5 e6 11. Qf3 Qe7 12. Be3 Bg7 13. Qe4 Qb4+ 14. Nc3 Nxd4
15. Rd1 Nc6 16. Qxb4 Nxb4 17. Nb5 N6d5 18. Nd6+ Ke7 19. Bc5 b6 20. Nxc8+ Kf6
21. Ne4+ Ke5 22. Bd4+ Kxe4 23. Nd6+ Kf4 24. Bxg7 Rhd8 25. Rd4+ Kg5 26. h4+ Kh5
27. g4# 1-0

[Event "XIV Open"]
[Site "Crema ITA"]
[Date "2012.08.31"]
[Round "1"]
[White "Sperli', Maurizio"]
[Black "Maltsev, Leonid"]
[Result "0-1"]
[WhiteElo "1532"]
[BlackElo "1941"]
[PlyCount "32"]
[EventDate "2012.08.31"]

1. e4 c5 2. d4 cxd4 3. c3 dxc3 4. Nxc3 Nc6 5. Nf3 d6 6. Bc4 Nf6 7. e5 dxe5 8.
Qxd8+ Nxd8 9. Nxe5 a6 10. Be3 Be6 11. Bxe6 Nxe6 12. O-O-O g6 13. Bb6 Bg7 14.
Nd5 Nxd5 15. Rxd5 Nf4 16. Rc5 Bxe5 0-1

[Event "XIV Open"]
[Site "Crema ITA"]
[Date "2012.08.31"]
[Round "1"]
[White "Spornberger, Andre"]
[Black "Pisani, Valerio"]
[Result "1-0"]
[WhiteElo "2036"]
[BlackElo "1698"]
[PlyCount "51"]
[EventDate "2012.08.31"]

1. e4 e6 2. d3 d5 3. Nd2 Nf6 4. Ngf3 Nc6 5. c3 a5 6. e5 Nd7 7. d4 f6 8. Bb5
fxe5 9. dxe5 Be7 10. Nb3 O-O 11. Qe2 a4 12. Nbd4 Nxd4 13. Nxd4 Nc5 14. Qg4 c6
15. Be2 Qb6 16. h4 Bd7 17. Rh3 Rf7 18. f3 Na6 19. Bd3 c5 20. Ne2 Nc7 21. Rg3
Bb5 22. Bc2 Bxe2 23. Qh5 Rf5 24. Qh6 Ne8 25. Bxf5 exf5 26. Qxb6 1-0